El Panorama de la agricultura

محفوظ في:
التفاصيل البيبلوغرافية
التنسيق: نص
الموضوعات:
الوسوم: إضافة وسم
لا توجد وسوم, كن أول من يضع وسما على هذه التسجيلة!

MARC

LEADER 00000 a a2200000 04500
001 6689
003
040
245 |a El Panorama de la agricultura  
650 |a AGRICULTURA  
650 |a CONDICIONES ECONOMICAS  
650 |a TLC  
650 |a CONSECUENCIAS ECONOMICAS  
773 |g volumen 24, número 1063; páginas 6-7  
999 |c 39510  |d 39510